| 000 | 01561nam2a22003131 4500 | ||
|---|---|---|---|
| 001 | v19\rc\1915123 | ||
| 005 | 20251118180615.7 | ||
| 035 | _a(NLR Aleph) 005002798 | ||
| 090 |
_a6404419 _c6404419 |
||
| 100 | _a20080404d1911 u y0rusy50 ca | ||
| 101 | 0 | _arus | |
| 102 | _aRU | ||
| 105 | _aa z ||||| | ||
| 200 | 1 |
_aПоселковая жизнь в 1910 году _hI _iБлагоустройство поселков _hII _iЗемлевладение в поселках _hIII _iДеятельность земства по отношению к поселкам _hIV _iЖилищные условия в одном пригородном поселке _hV _iИстория пригородов, их население |
|
| 210 | _d1911 | ||
| 215 | _aXI, 189, 48 c., 11 л. табл. | ||
| 461 | 0 |
_1001v19\rc\1915122 _12001#$aЭкономическо-статистический сборник$eВып. 1-$fСтат. отд-ние Моск. уезд. зем. управы$vВып. 1 _96404412 _cМосква _d1911-1916 _fСтат. отд-ние Моск. уезд. зем. управы _nПечатня С.П. Яковлева _oВып. 1- _tЭкономическо-статистический сборник _vВып. 1 |
|
| 801 | 0 |
_aRU _bNLR _gpsbo |
|
| 801 | 0 |
_aRU _bRuMoRGB _2psbo |
|
| 801 | 1 |
_aRU _bProSoft-M _2rusmarc |
|
| 852 |
_aNLR _bЗем _j21-1/1 |
||
| 899 |
_aRuMoRGB _jU 37/118 |
||
| 899 |
_aRuMoRGB _jD 39/116 |
||
| 899 |
_aRuMoRGB _jT 69/54 |
||
| 899 |
_aRuMoRGB _jF 194/89 |
||
| 899 | _aГПИБ | ||
| 899 | _aНБ МГУ | ||
| 942 | _cBOOK | ||
| 980 | _aNB | ||